000
00208nam a22001097a 4500
040
_c
SK
082
_a
333
100
_a
CHAY KONGKRUY
245
_a
Fisheries ecology
260
_a
RUA
_b
CHA
_c
2012
942
_c
KB
999
_c
10341
_d
10341